|
|
|
|
| LEADER |
01166nam a2200277 a 4500 |
| 001 |
GR-Patra24953 |
| 008 |
080331s2005 xxk g 000 0 eng d |
| 020 |
|
|
|a 0199264961
|
| 040 |
|
|
|a GrPaTEI
|b gre
|c GR-PaULI
|
| 040 |
|
|
|a GrPaTEI
|b gre
|c GR-PaULI
|
| 082 |
|
0 |
|a 339
|2 22md
|
| 100 |
1 |
|
|a Burda, Michael C.
|
| 245 |
1 |
0 |
|a Macroeconomics :
|b a european text /
|c Michale Burda and Charles Wyplosz.
|
| 250 |
|
|
|a 4th ed.
|
| 260 |
|
|
|a Oxford :
|b Oxford University Press,
|c c2005
|
| 300 |
|
|
|a xix, 576 σ. :
|b εικ., πίν.
|
| 504 |
|
|
|a Includes bibliography: [p. (539)-540] and index
|
| 610 |
2 |
4 |
|a Παράρτημα Αμαλιάδος.
|b Τμήμα Εφαρμογών Πληροφορικής στη Διοίκηση και την Οικονομία
|
| 650 |
|
0 |
|a Macroeconomics
|
| 650 |
|
4 |
|a Μακροοικονομική
|
| 700 |
1 |
|
|a Wyplosz, Charles
|
| 710 |
0 |
|
|a Oxford University Press
|
| 942 |
|
|
|2 ddc
|
| 952 |
|
|
|0 0
|1 0
|2 ddc
|4 0
|6 339_000000000000000_BUR
|7 1
|9 306327
|a LISK
|b LISK
|c BSC
|d 2021-01-17
|e 24
|f 0
|g 0.00
|l 0
|o 339 BUR
|p 92410038509
|r 2021-01-17 00:00:00
|t 1
|w 2021-01-17
|y BKN
|x 20080331 0 0
|x GrPaTEI
|
| 971 |
|
|
|a .b26725253
|b 15-04-20
|c 26-09-16
|
| 999 |
|
|
|c 177024
|d 177024
|